THE EGYPTIAN BOOK OF THE DEAD: THE BOOK OF GOING FORTH BY DAY / (Record no. 13896)
[ view plain ]
| 000 -الفاتح | |
|---|---|
| حقل البيانات ثابتة الطول | 00549nam a2200193Ia 4500 |
| 008 - عناصر البيانات ثابتة الطول - معلومات عامة | |
| حقل البيانات ثابتة الطول | 140319s9999 xx 000 0 eng d |
| 040 ## - مصدر الفهرسة | |
| وكالة الفهرسة الأصلية | GCL / |
| وكالة النسخ | GCL |
| 082 04 - رقم تصنيف ديوى العشرى | |
| رقم التصنيف | CC |
| رقم المادة | 299.31 |
| -- | F E |
| 100 1# - المدخل الرئيسى - إسم شخصى | |
| الإسم الشخصى | FAULKNER, RAYMOND O. |
| 245 10 - بيان العنوان | |
| العنوان | THE EGYPTIAN BOOK OF THE DEAD: THE BOOK OF GOING FORTH BY DAY / |
| بيان المسئوليه,etc | FAULKNER, RAYMOND O. |
| 700 1# - المدخل الاضافى - اسم شخصى | |
| الإسم الشخصى | BUDGE, WALLIS |
| 700 1# - المدخل الاضافى - اسم شخصى | |
| الإسم الشخصى | GOELET, OGDEN |
| 260 ## - PUBLICATION, DISTRIBUTION, ETC. (IMPRINT) | |
| تاريخ النشر أو التوزيع | 1994 |
| 300 ## - الوصف المادى | |
| التعداد | 175 P |
| 650 04 - المدخل الاضافى بالموضوع-مصطلح موضوعى | |
| مصطلح موضوعي | FUTURE LIFE |
| 650 04 - المدخل الاضافى بالموضوع-مصطلح موضوعى | |
| مصطلح موضوعي | INCANTAIONS, EGYPTIANS |
| 942 ## - عناصر المدخل الإضافي( كوها) | |
| مصدر التصنيف او مخطط الترفيف | Dewey Decimal Classification |
| Koha [default] item type | كتاب |
| 260 ## - PUBLICATION, DISTRIBUTION, ETC. (IMPRINT) | |
| -- | [S.N] : |
| -- | CHRONICLE BOOKS ، |
| حالة التراجع | حالة الفقد | حالة تلف | ليس للاعارة | المكان المؤقت | الموقع الحالى | تاريخ الاكتساب | اجمالي اﻻعارات | رقم الطلب | الباركود | تاريخ اخر مشاهدة | تاريخ تفعيل السعر | نوع وعاء كوها |
|---|---|---|---|---|---|---|---|---|---|---|---|---|
| مكتبة القاهرة الكبرى | مكتبة القاهرة الكبرى | 03/26/2014 | CC\299.31\F E | 26301 | 03/26/2014 | 03/26/2014 | كتاب | |||||
| مكتبة القاهرة الكبرى | مكتبة القاهرة الكبرى | 03/26/2014 | CC\299.31\F E | 26302 | 03/26/2014 | 03/26/2014 | كتاب |

